Algebraic number fields : (L-functions and Galois properties) : proceedings of a symposium /
Guardado en:
| Autor Corporativo: | |
|---|---|
| Otros Autores: | |
| Formato: | Libro |
| Idioma: | English |
| Publicado: |
London ; New York :
Academic Press,
1977.
|
| Materias: | |
| Etiquetas: |
Agregar Etiqueta
Sin Etiquetas, Sea el primero en etiquetar este registro!
|
| LEADER | 00979cam a2200241 a 4500 | ||
|---|---|---|---|
| 001 | MAT.inmabb005891 | ||
| 008 | 770825s1977####enk######b####100#0#eng## | ||
| 005 | 20130308123949.0 | ||
| 245 | 0 | 0 | |a Algebraic number fields : |b (L-functions and Galois properties) : proceedings of a symposium / |c organised by the London Mathematical Society with the support of the Science Research Council and the Royal Society ; edited by A. Fröhlich. |
| 260 | |a London ; |a New York : |b Academic Press, |c 1977. | ||
| 300 | |a xii, 704 p. ; |c 24 cm. | ||
| 504 | |a Incluye referencias bibliográficas. | ||
| 510 | 4 | |a MR, |c 55 #10416 | |
| 020 | |a 0122689607 | ||
| 700 | 1 | |a Fröhlich, A. |q (Albrecht), |d 1916- |4 edt | |
| 710 | 2 | |a London Mathematical Society. | |
| 650 | 0 | |a Algebraic fields |x Congresses. | |
| 650 | 0 | |a L-functions |x Congresses. | |
| 650 | 0 | |a Galois theory |x Congresses. | |
| 084 | |a 11Rxx (11-06) |2 msc2000 | ||
| 010 | |a 76016966 | ||
| 040 | |a DLC |c DLC |d DLC | ||
| 859 | |h 11 |i Al394 |p A-4561 |b BIB. MATEMATICA | ||
